STEP BY STEP ANAESTHESIA IN OBSTETRICS AND GYNAECOLOGY ( WITH CD) / (Record no. 797453)

MARC details
000 -LEADER
fixed length control field 00509pam a2200169 a 4500
020 ## - INTERNATIONAL STANDARD BOOK NUMBER
International Standard Book Number 8180616878
Terms of availability
041 ## - LANGUAGE CODE
Language code of original
082 ## - DEWEY DECIMAL CLASSIFICATION NUMBER
Classification number 617.96
Item number TEW/GAU
100 ## - MAIN ENTRY--PERSONAL NAME
Personal name TEWARI, V .GAUTAM, P .MALHOTRA, N .
245 ## - TITLE STATEMENT
Title STEP BY STEP ANAESTHESIA IN OBSTETRICS AND GYNAECOLOGY ( WITH CD) /
Statement of responsibility, etc. NULL.
Medium Textual Documents
250 ## - EDITION STATEMENT
Edition statement 1
Remainder of edition statement .
260 ## - PUBLICATION, DISTRIBUTION, ETC.
Place of publication, distribution, etc. NULL :
Name of publisher, distributor, etc. JAYPEE BROTHERS MEDICAL PUB. ,
Date of publication, distribution, etc. 2006.
300 ## - PHYSICAL DESCRIPTION
Extent 360 : :
Other physical details XVI ; ;
Dimensions A4 . +
Accompanying material PB.
504 ## - BIBLIOGRAPHY, ETC. NOTE
Bibliography, etc. note OBST & GYNAE.
650 ## - SUBJECT ADDED ENTRY--TOPICAL TERM
Topical term or geographic name entry element ANESTHESIA
930 ## - EQUIVALENCE OR CROSS-REFERENCE-UNIFORM TITLE HEADING [LOCAL, CANADA]
Uniform title 2918
Holdings
Withdrawn status Lost status Damaged status Not for loan Collection Home library Current library Date acquired Source of acquisition Cost, normal purchase price Total Checkouts Full call number Barcode Date last seen Copy number Price effective from Koha item type Date due Date last checked out
          Medical College & Hospital, Sangli Medical College & Hospital, Sangli 11/09/2008 B.M.S.G.B.PUNE 395.00   617.96 TEW/GAU MCS-6844 26/07/2023 2 26/07/2023 Book    
          Medical College & Hospital, Sangli Medical College & Hospital, Sangli 11/09/2008 B.M.S.G.B.PUNE 395.00   617.96 TEW/GAU MCS-6843 26/07/2023 1 26/07/2023 Book    
          Medical College & Hospital, Sangli Medical College & Hospital, Sangli 11/09/2008 B.M.S.G.B.PUNE 595.00 1 617.96 TEW/GAU MCS-11820 06/10/2023 3 26/07/2023 Book 01/10/2043 06/10/2023